[Event "ch-ISL 2015"]
[Site "Reykjavik ISL"]
[Date "2015.05.17"]
[Round "4.5"]
[White "Danielsen, Henrik"]
[Black "Steingrimsson, Hedinn"]
[Result "1/2-1/2"]
[WhiteTitle "GM"]
[BlackTitle "GM"]
[WhiteElo "2520"]
[BlackElo "2532"]
[WhiteFideId "1400185"]
[BlackFideId "2300117"]
[EventDate "2015.05.14"]

1. d4 Nf6 2. Nf3 d5 3. c4 e6 4. Bg5 dxc4 5. Qa4+ Nbd7 6. Nbd2 a6 7. Qxc4 c5 8.
Bxf6 gxf6 9. dxc5 Nxc5 10. g3 b5 11. Qh4 Bb7 12. Bg2 f5 13. Rc1 Qxh4 14. Nxh4
Ne4 15. O-O Bd5 16. Rfd1 Rd8 17. Nhf3 Bg7 18. Rc2 O-O 19. Rdc1 a5 20. b3 b4 21.
Nxe4 Bxe4 22. Rc5 Bb2 23. Rf1 Bc3 24. Ne5 Rd2 25. Rxa5 Rxe2 26. Bf3 Bxf3 27.
Nxf3 Rd8 28. a3 Rb2 29. axb4 Rxb3 30. Ra7 Bf6 31. Kg2 Rxb4 32. Rc1 Kg7 33. Rcc7
Rf8 34. Rd7 Rb2 35. Ne1 Rbb8 36. Kf1 Rbd8 37. Rdb7 Rb8 38. Rd7 Rbd8 39. Rdb7 Bd4
40. Ra4 Bc3 41. Nf3 h6 42. Raa7 Bd4 43. Ra4 Bc5 44. Rc4 Bd6 45. Nd4 Kf6 46. Nc6
Ra8 47. Rd7 Ba3 48. f4 Kg7 49. Nd4 Kg6 50. Nf3 Bb2 51. Rcc7 Rad8 52. Rb7 Rxd7
53. Rxd7 Rb8 54. Rd2 Kf6 55. Kg2 Ke7 56. Kh3 Rb3 57. Kg2 Bf6 58. Ra2 Rb2+ 59.
Rxb2 Bxb2 60. Kf2 Kd6 61. Ke2 Kd5 62. Kd3 Bf6 63. Ne1 Bd4 64. Nf3 Bc5 65. Ne5 f6
66. Nd7 Bd4 67. Nf8 e5 68. Ng6 Bg1 69. h3 Bh2 70. fxe5 fxe5 71. Nh4 Ke6 72. g4
e4+ 73. Ke3 Bg1+ 74. Kf4 Bh2+ 75. Ke3 Bg1+ 76. Kf4 fxg4 77. Kxe4 gxh3 78. Kf3
Kd5 79. Kg3 h2 80. Kg2 Ke4 81. Nf3 h1=B+ 82. Kxh1 1/2-1/2

[Event "ch-ISL 2015"]
[Site "Reykjavik ISL"]
[Date "2015.05.17"]
[Round "4.6"]
[White "Sigfusson, Sigurdur"]
[Black "Arnason, Jon L"]
[Result "0-1"]
[WhiteTitle "FM"]
[BlackTitle "GM"]
[WhiteElo "2319"]
[BlackElo "2499"]
[WhiteFideId "2300168"]
[BlackFideId "2300036"]
[EventDate "2015.05.14"]

1. e4 c5 2. Nf3 d6 3. d4 cxd4 4. Nxd4 Nf6 5. Nc3 a6 6. Bg5 Nbd7 7. Qe2 b5 8. f4
e5 9. fxe5 dxe5 10. O-O-O Qb6 11. Nd5 Nxd5 12. exd5 Bb7 13. Nc6 Bd6 14. Kb1 O-O
15. Ne7+ Kh8 16. Nf5 f6 17. Bd2 Rf7 18. Ba5 Qxa5 19. Nxd6 Rff8 20. Nxb7 Qb6 21.
g4 Qxb7 22. Bg2 Qb6 23. Rd3 Rac8 24. Rh3 g6 25. Be4 Rg8 26. Qd2 Rg7 27. c3 Rc4
28. Qe2 Qd6 29. Rd1 Nc5 30. Bc2 Rf4 31. Re3 Re7 32. Rd4 Ne6 33. Rd1 Ng7 34. h4
f5 35. h5 Rxg4 36. hxg6 Rxg6 37. a4 bxa4 38. Bxa4 e4 39. c4 Qc5 40. Rb3 h6 41.
Rb8+ Kh7 42. Bc6 Rg1 43. b4 Rxd1+ 44. Qxd1 Qd6 45. Rb6 e3 46. Qe2 f4 47. Qc2+
Qg6 48. Ba4 Qxc2+ 49. Bxc2+ Kg8 50. Bd1 e2 51. Bxe2 Rxe2 52. d6 Rd2 53. Rxa6 f3
54. Ra8+ Kf7 55. Ra3 f2 56. Rf3+ Ke6 57. Kc1 Ra2 0-1

[Event "ch-ISL 2015"]
[Site "Reykjavik ISL"]
[Date "2015.05.18"]
[Round "5.1"]
[White "Arnason, Jon L"]
[Black "Kjartansson, Gudmundur"]
[Result "1/2-1/2"]
[WhiteTitle "GM"]
[BlackTitle "IM"]
[WhiteElo "2499"]
[BlackElo "2474"]
[WhiteFideId "2300036"]
[BlackFideId "2301318"]
[EventDate "2015.05.14"]

1. e4 c6 2. d4 d5 3. exd5 cxd5 4. c3 Nc6 5. Bf4 Bf5 6. Qb3 Qd7 7. Nd2 e6 8. Ngf3
Nge7 9. h3 f6 10. Be2 g5 11. Bh2 h5 12. Qd1 Ng6 13. Nb3 b6 14. Nfd2 h4 15. Nf1
Bd6 16. Bxd6 Qxd6 17. Ne3 Nf4 18. Qd2 Kf7 19. a4 Ne7 20. Nc1 Neg6 21. Bd3 Nxd3+
22. Nxd3 Be4 23. f3 Bxd3 24. Qxd3 Qg3+ 25. Kd1 Nf4 26. Qd2 a5 27. Kc2 Rab8 28.
Rhg1 Ng6 29. Qe2 Qc7 30. Qb5 Nf4 31. Rac1 Rhc8 32. Rgd1 Qc6 33. Qxc6 Rxc6 34.
Rd2 b5 35. axb5 Rxb5 36. Ra1 Rcb6 37. Ra2 Rb8 38. Rd1 R8b7 39. Rd2 R7b6 40. Rd1
Rc6 41. Re1 e5 42. Rd1 Re6 43. c4 exd4 44. Nxd5 Nxd5 45. cxb5 Nb4+ 46. Kb1 Nxa2
47. Kxa2 Rb6 48. Rxd4 Rxb5 49. f4 Ke6 50. fxg5 fxg5 51. Ka3 Re5 52. Rg4 Kf5 53.
Ka4 Re2 54. b3 Ra2+ 55. Kb5 Ra3 56. Kc4 a4 57. b4 Ra1 58. Rd4 Ra2 59. b5 Rxg2
60. b6 a3 61. Kc5 a2 62. Ra4 Rb2 63. Kc6 g4 64. hxg4+ Kg5 65. b7 Rc2+ 66. Kd7
Rb2 67. Kc8 Rc2+ 68. Kd7 Rb2 69. Kc8 1/2-1/2

[Event "ch-ISL 2015"]
[Site "Reykjavik ISL"]
[Date "2015.05.18"]
[Round "5.2"]
[White "Steingrimsson, Hedinn"]
[Black "Sigfusson, Sigurdur"]
[Result "1-0"]
[WhiteTitle "GM"]
[BlackTitle "FM"]
[WhiteElo "2532"]
[BlackElo "2319"]
[WhiteFideId "2300117"]
[BlackFideId "2300168"]
[EventDate "2015.05.14"]

1. c4 Nf6 2. Nc3 g6 3. g3 Bg7 4. Bg2 O-O 5. e4 d6 6. Nge2 c5 7. O-O Nc6 8. d3 a6
9. h3 Rb8 10. a4 Bd7 11. Be3 Re8 12. Qd2 Qc8 13. Kh2 Nd4 14. Nxd4 cxd4 15. Bxd4
Ng4+ 16. hxg4 Bxd4 17. g5 e6 18. Ne2 Bg7 19. Rfc1 Qd8 20. d4 Qe7 21. a5 Rec8 22.
b4 Rc7 23. Ra2 Rbc8 24. Rac2 Bf8 25. c5 e5 26. Nc3 Be6 27. Nd5 Bxd5 28. exd5 f5
29. dxe5 Qxe5 30. Re1 Qg7 31. c6 Rb8 32. Re6 b6 33. axb6 Rxb6 34. Re8 Qf7 35.
Ra8 Qg7 36. Qf4 1-0

[Event "ch-ISL 2015"]
[Site "Reykjavik ISL"]
[Date "2015.05.18"]
[Round "5.3"]
[White "Jensson, Einar Hjalti"]
[Black "Danielsen, Henrik"]
[Result "1-0"]
[WhiteTitle "FM"]
[BlackTitle "GM"]
[WhiteElo "2359"]
[BlackElo "2520"]
[WhiteFideId "2301067"]
[BlackFideId "1400185"]
[EventDate "2015.05.14"]

1. e4 d6 2. Nc3 c5 3. f4 Nc6 4. Nf3 a6 5. d4 cxd4 6. Nxd4 g6 7. Be3 Bg7 8. Nd5
Rb8 9. Bxa6 e5 10. fxe5 Nxd4 11. Bxd4 bxa6 12. exd6 Qh4+ 13. Kf1 f6 14. Qf3 Bd7
15. h3 Kf7 16. Kg1 f5 17. Bxg7 Kxg7 18. Qc3+ Kh6 19. Qxh8 Qxe4 20. Rd1 Qxc2 21.
Kh2 Rxb2 22. Rhg1 Rb8 23. Nf6 Nxf6 24. Qxf6 1-0

[Event "ch-ISL 2015"]
[Site "Reykjavik ISL"]
[Date "2015.05.18"]
[Round "5.4"]
[White "Hjartarson, Johann"]
[Black "Stefansson, Hannes"]
[Result "1-0"]
[WhiteTitle "GM"]
[BlackTitle "GM"]
[WhiteElo "2566"]
[BlackElo "2590"]
[WhiteFideId "2300044"]
[BlackFideId "2300087"]
[EventDate "2015.05.14"]

1. e4 e5 2. Nf3 Nc6 3. Bb5 Nf6 4. d3 Bc5 5. c3 O-O 6. O-O d6 7. Bg5 h6 8. Bh4 g5
9. Bg3 Nh5 10. d4 Bb6 11. Na3 Nxg3 12. hxg3 Qf6 13. Bxc6 bxc6 14. dxe5 dxe5 15.
Nc4 Ba6 16. Nfxe5 Rfe8 17. Ng4 Qg6 18. Nxb6 axb6 19. Re1 h5 20. Nh2 Rad8 21. Qa4
Bd3 22. e5 Bc2 23. Qa7 Re7 24. Nf3 c5 25. Qb7 Ba4 26. e6 f6 27. Re4 Qe8 28. Qa6
Bb5 29. Qa3 Bc6 30. Ree1 Rxe6 31. Qb3 Bd5 32. c4 Bc6 33. Qc3 Kf7 34. a3 Re2 35.
b4 cxb4 36. axb4 Qe4 37. b5 Rd3 38. Qc1 Bb7 39. c5 Kg6 40. c6 Bc8 41. Qc2 Rxe1+
42. Rxe1 Qd5 43. Re7 Bf5 44. Qe2 Qd6 45. Re8 Rd1+ 46. Kh2 Kf7 47. Ra8 Kg7 48.
Qe8 Bh7 49. Ra7 Kh6 50. Qc8 Qd8 51. Qxd8 Rxd8 52. Rxc7 Rd5 53. Rb7 Rxb5 54. Nd4
Rc5 55. Rxb6 Be4 56. f3 Bd5 57. c7 Rxc7 58. Rxf6+ Kh7 59. Rf5 Bf7 60. Rxg5 Rd7
61. Ne2 Re7 62. Nf4 Kh6 63. Rf5 Be8 64. Ra5 Re1 65. Ra6+ Kh7 66. Re6 Rxe6 67.
Nxe6 Kg6 68. Kg1 Bb5 69. Nf4+ Kg5 70. Kf2 Ba6 71. Nd5 Bc4 72. Ne3 Ba6 73. g4
hxg4 74. Nxg4 Kf4 75. g3+ Kf5 76. Ne3+ Ke5 77. g4 Bd3 78. Kg3 Bb1 79. g5 Bd3 80.
Kg4 Be2 81. Kg3 Bd3 82. f4+ Ke4 83. Ng4 Kf5 84. Nh6+ Ke6 85. Kh4 Be2 86. f5+ Kd5 1-0

[Event "ch-ISL 2015"]
[Site "Reykjavik ISL"]
[Date "2015.05.18"]
[Round "5.5"]
[White "Ptacnikova, Lenka"]
[Black "Thorfinnsson, Bjorn"]
[Result "0-1"]
[WhiteTitle "WGM"]
[BlackTitle "IM"]
[WhiteElo "2284"]
[BlackElo "2407"]
[WhiteFideId "305650"]
[BlackFideId "2300982"]
[EventDate "2015.05.14"]

1. e4 e5 2. Nf3 Nc6 3. Bc4 Nf6 4. Ng5 d5 5. exd5 Nd4 6. c3 b5 7. Bf1 Nxd5 8.
cxd4 Qxg5 9. Bxb5+ Kd8 10. Qf3 exd4 11. O-O Rb8 12. a4 Bb7 13. d3 Qg6 14. Qh3 f5
15. Na3 Be7 16. Re1 a6 17. Bc4 Re8 18. Bd2 Bg5 19. Bxg5+ Qxg5 20. Qg3 Qxg3 21.
hxg3 Kd7 22. Nc2 c5 23. Kf1 Nb6 24. Rxe8 Rxe8 25. b4 Nxc4 26. dxc4 Be4 27. Ne1
cxb4 28. f3 d3 29. Kf2 Kc6 30. fxe4 fxe4 31. Ke3 Kc5 32. Ra2 b3 33. Rf2 Rd8 34.
Kxe4 0-1

[Event "ch-ISL 2015"]
[Site "Reykjavik ISL"]
[Date "2015.05.18"]
[Round "5.6"]
[White "Gretarsson, Hjorvar Steinn"]
[Black "Thorfinnsson, Bragi"]
[Result "1-0"]
[WhiteTitle "GM"]
[BlackTitle "IM"]
[WhiteElo "2561"]
[BlackElo "2416"]
[WhiteFideId "2302241"]
[BlackFideId "2300958"]
[EventDate "2015.05.14"]

1. d4 d5 2. c4 e6 3. Nf3 c6 4. Nc3 dxc4 5. Bg5 f6 6. Bf4 Bb4 7. e4 b5 8. a4 a6
9. Be2 Ne7 10. Qc2 O-O 11. O-O Ng6 12. Bd2 e5 13. dxe5 Nxe5 14. Rfd1 Qe7 15.
axb5 Bxc3 16. Bxc3 cxb5 17. b3 Nbc6 18. bxc4 b4 19. Bb2 Nxf3+ 20. Bxf3 Ne5 21.
Be2 Be6 22. c5 Rfc8 23. Ra5 Rc6 24. Qa4 Qb7 25. Bxe5 fxe5 26. Rb1 Rb8 27. Bxa6
Rxa6 28. Rxa6 Qxe4 29. Qd1 Bd5 30. f3 Qe3+ 31. Kh1 Qxc5 32. Rc1 Qd4 33. Rd6
Qxd1+ 34. Rxd1 Bc4 35. Rd8+ Rxd8 36. Rxd8+ Kf7 37. Kg1 Ke7 38. Rd2 b3 39. Kf2
Bf7 40. Ke1 Bg6 41. Kd1 Bc2+ 42. Kc1 g5 43. Kb2 h5 44. Rd5 Ke6 45. Rb5 g4 46.
fxg4 hxg4 47. Kc3 Be4 48. Rxb3 Bxg2 49. Kd3 Kf5 50. Ke3 Bd5 51. Rb8 Kf6 52. Rf8+
Kg6 53. Rd8 Bh1 54. Kf2 e4 55. Rf8 Bf3 56. Ke3 Kg5 57. Kd4 Kh4 58. Rh8+ Kg5 59.
Ke5 Kg6 60. Rf8 Kg5 61. Rh8 Kg6 62. Rg8+ Kf7 63. Rg5 Ke7 64. Rg7+ Kd8 65. Ke6
Kc8 66. Kd6 Be2 67. Rc7+ Kb8 68. Kc6 e3 69. Re7 Bf3+ 70. Kb6 Kc8 71. Rxe3 Kd7
72. Kc5 Bg2 73. Re1 Bf3 74. Re5 Bg2 75. Re3 Bf1 76. Re4 Bh3 77. Kd4 Kd6 78. Rf4
Ke6 79. Rf2 Ke7 80. Kd5 Ke8 81. Kd6 1-0

[Event "ch-ISL 2015"]
[Site "Reykjavik ISL"]
[Date "2015.05.19"]
[Round "6.1"]
[White "Kjartansson, Gudmundur"]
[Black "Thorfinnsson, Bragi"]
[Result "0-1"]
[WhiteTitle "IM"]
[BlackTitle "IM"]
[WhiteElo "2474"]
[BlackElo "2416"]
[WhiteFideId "2301318"]
[BlackFideId "2300958"]
[EventDate "2015.05.14"]

1. d4 Nf6 2. c4 e5 3. dxe5 Ng4 4. Nf3 Bc5 5. e3 Nc6 6. Nc3 O-O 7. Be2 Ngxe5 8.
O-O Nxf3+ 9. Bxf3 Ne5 10. Be2 a5 11. b3 Re8 12. Bb2 Ra6 13. Na4 Bf8 14. f4 Rd6
15. Qb1 Nc6 16. e4 Rh6 17. Rf2 Nb4 18. Bf3 d5 19. exd5 Qh4 20. g3 Qh3 21. Qf1
Qf5 22. Re2 Rxe2 23. Qxe2 Bd7 24. Be4 Qh3 25. Bd4 Bg4 26. Qg2 Qh5 27. a3 f5 28.
Bb1 Bh3 29. Qd2 Qf3 30. Bc2 Nxc2 31. Qxc2 Bxa3 32. Bc5 Bxc5+ 33. Nxc5 b6 34. Ne6
Qe3+ 35. Qf2 Qxb3 36. Qd4 Rf6 37. Ng5 Bg4 38. Qe5 h6 39. Qe8+ Rf8 40. Qe6+ Kh8
41. Qe7 Kg8 42. Qe6+ Kh8 43. Qe7 Ra8 44. Nf7+ Kh7 45. Qe5 Qxc4 46. Qb2 Qxd5 47.
Ne5 Rd8 0-1

[Event "ch-ISL 2015"]
[Site "Reykjavik ISL"]
[Date "2015.05.19"]
[Round "6.2"]
[White "Thorfinnsson, Bjorn"]
[Black "Gretarsson, Hjorvar Steinn"]
[Result "0-1"]
[WhiteTitle "IM"]
[BlackTitle "GM"]
[WhiteElo "2407"]
[BlackElo "2561"]
[WhiteFideId "2300982"]
[BlackFideId "2302241"]
[EventDate "2015.05.14"]

1. d4 Nf6 2. c4 e6 3. Nf3 b6 4. a3 Ba6 5. Qc2 d5 6. Nbd2 Bb7 7. e3 Nbd7 8. b4 a5
9. c5 c6 10. Rb1 axb4 11. axb4 Be7 12. Bd3 bxc5 13. bxc5 Ba6 14. O-O O-O 15. Bb2
Bxd3 16. Qxd3 Ne8 17. Qb3 Nc7 18. Qb7 Qc8 19. Qxc8 Rfxc8 20. Ra1 Bf6 21. Nb3
Rab8 22. Nfd2 Nxc5 23. Nxc5 Rxb2 24. Ndb3 e5 25. dxe5 Bxe5 26. Na5 Bd6 27. Rfc1
Bxc5 28. Rxc5 Ra8 29. Rcc1 Rb6 30. Rab1 Rxb1 31. Rxb1 c5 32. f3 Kf8 33. Nc6 Ne6
34. Rb7 Rc8 35. Ne5 f6 36. Nd7+ Ke8 37. Nb6 Rd8 38. Kf2 Rd6 39. Nc8 Ra6 40. Nb6
Ra2+ 41. Kg3 Rb2 42. f4 c4 43. Nxc4 Rxb7 44. Nd6+ Kd7 45. Nxb7 Kc7 46. Na5 Nc5
47. e4 Kb6 48. e5 Kxa5 0-1

[Event "ch-ISL 2015"]
[Site "Reykjavik ISL"]
[Date "2015.05.19"]
[Round "6.3"]
[White "Stefansson, Hannes"]
[Black "Ptacnikova, Lenka"]
[Result "1/2-1/2"]
[WhiteTitle "GM"]
[BlackTitle "WGM"]
[WhiteElo "2590"]
[BlackElo "2284"]
[WhiteFideId "2300087"]
[BlackFideId "305650"]
[EventDate "2015.05.14"]

1. d4 Nf6 2. c4 e6 3. Nf3 Bb4+ 4. Nc3 Ne4 5. Qc2 Nxc3 6. bxc3 Be7 7. e4 b6 8.
Be2 Ba6 9. O-O Nc6 10. Rd1 Na5 11. d5 Qc8 12. e5 Qb7 13. Bg5 Bxg5 14. Nxg5 Bxc4
15. Bxc4 Nxc4 16. Qe4 Na5 17. Rd3 h6 18. Qh4 exd5 19. Rf3 O-O 20. Qh5 Qc6 21.
Nxf7 Qe6 22. Rf6 Rxf7 23. Rxe6 dxe6 24. Qg6 Re7 25. f4 Rf8 26. Rf1 Nc4 27. Rf3
c5 28. Rh3 Rxf4 29. Rxh6 Nxe5 30. Qh7+ Kf7 31. Rh5 Kf6 32. h4 d4 33. cxd4 cxd4
34. Qg8 Nd7 35. Rg5 Rxh4 36. Qd8 Rh7 37. Rg4 e5 38. Qg8 Rh5 39. Qd5 g5 40. Rg3
Kg7 41. Rf3 Rh6 42. Rg3 Rg6 43. Rh3 g4 44. Rh5 Nf6 45. Qd8 Kf7 46. Rf5 g3 47.
Qd6 Re6 48. Qd5 e4 49. Qxd4 e3 50. Qc4 Ke7 51. Qc7+ Nd7 52. Rh5 e2 53. Rh7+ Rg7
54. Rxg7+ Kf8 55. Qd8+ Kxg7 56. Qxd7+ Kf6 57. Qd4+ Kf7 58. Qf4+ Ke8 59. Qa4+ Kd8
60. Qd4+ Ke8 61. Qh8+ Kd7 62. Qd4+ Ke8 63. Qa4+ Kf7 64. Qf4+ Ke8 65. Qb8+ Kf7
66. Qc7+ Kf6 67. Qf4+ Ke7 68. Qb4+ Ke8 69. Qa4+ Kf7 70. Qf4+ Ke8 71. Qb8+ 1/2-1/2

[Event "ch-ISL 2015"]
[Site "Reykjavik ISL"]
[Date "2015.05.19"]
[Round "6.4"]
[White "Danielsen, Henrik"]
[Black "Hjartarson, Johann"]
[Result "1-0"]
[WhiteTitle "GM"]
[BlackTitle "GM"]
[WhiteElo "2520"]
[BlackElo "2566"]
[WhiteFideId "1400185"]
[BlackFideId "2300044"]
[EventDate "2015.05.14"]

1. Nf3 Nf6 2. g3 d5 3. Bg2 c6 4. O-O Bf5 5. d3 e6 6. c4 dxc4 7. dxc4 Qxd1 8.
Rxd1 Nbd7 9. Nc3 Bb4 10. Bd2 a5 11. a3 Be7 12. b4 axb4 13. axb4 O-O 14. c5 e5
15. Bg5 h6 16. Bxf6 Bxf6 17. Nd2 Rxa1 18. Rxa1 e4 19. Ra3 Bxc3 20. Rxc3 Nf6 21.
Nc4 Nd5 22. Rc1 Nxb4 23. Nd6 Bg4 24. Rc4 Na6 25. Bxe4 Bxe2 26. Rc2 Bg4 27. Nxb7
Rb8 28. Rd2 Nb4 29. Na5 Bh3 30. f4 Re8 31. Rd4 Na6 32. Nb7 Nb8 33. f5 g6 34.
fxg6 fxg6 35. Bxg6 Rf8 36. Bd3 Nd7 37. Rh4 Ne5 38. Rxh3 Nxd3 39. Rxh6 Rf7 40.
Nd8 Rf5 41. Rg6+ Kh7 42. Rxc6 Nxc5 43. Ne6 Nd3 44. Rd6 Ne5 45. Nf4 Nf7 46. Rd2
Ra5 47. Kg2 Ra3 48. Re2 Rb3 49. Nh3 Nh6 50. Ng5+ Kg6 51. Nf3 Ra3 52. h3 Ra4 53.
Kf2 Kf6 54. Rd2 Kg6 55. g4 Ra3 56. Kg2 Nf7 57. Rd5 Nh6 58. Kg3 Ra4 59. Rd4 Ra3
60. h4 Nf7 61. Re4 Ra6 62. Ne5+ Nxe5 63. Rxe5 Ra3+ 64. Kf4 Rh3 65. h5+ Kh6 66.
Re6+ 1-0

[Event "ch-ISL 2015"]
[Site "Reykjavik ISL"]
[Date "2015.05.19"]
[Round "6.5"]
[White "Sigfusson, Sigurdur"]
[Black "Jensson, Einar Hjalti"]
[Result "0-1"]
[WhiteTitle "FM"]
[BlackTitle "FM"]
[WhiteElo "2319"]
[BlackElo "2359"]
[WhiteFideId "2300168"]
[BlackFideId "2301067"]
[EventDate "2015.05.14"]

1. e4 c6 2. d4 d5 3. Nc3 dxe4 4. Nxe4 Nf6 5. Ng5 h6 6. N5f3 Bf5 7. Ne5 Nbd7 8.
Ngf3 e6 9. Bd3 Nxe5 10. dxe5 Bxd3 11. Qxd3 Qxd3 12. cxd3 Nd5 13. a3 a5 14. Ke2
a4 15. Bd2 Be7 16. Rac1 Ra6 17. Rc2 Kd7 18. Be3 b5 19. Rhc1 b4 20. axb4 Rb8 21.
Rc4 Rxb4 22. Rxb4 Bxb4 23. Nd4 Be7 24. Rc4 f6 25. Nf3 Ra5 26. Bd2 Ra6 27. h4 h5
28. g4 g6 29. Bc1 Ra5 30. g5 f5 31. Bd2 Ra6 32. Bc1 Nb6 33. Rc2 Ra5 34. Be3 Nd5
35. Bd2 Rc5 36. Rxc5 Bxc5 37. d4 Be7 38. Kd3 Kc7 39. Ne1 Kb6 40. Kc4 Ka6 41. Nd3
Nb6+ 42. Kc3 Kb5 43. Nf4 Nd5+ 44. Nxd5 cxd5 45. Kd3 Bb4 46. Bc1 Be1 47. Ke2 Ba5
48. Kd3 Bb4 49. Bf4 Be1 50. Ke2 Bxf2 51. Kxf2 Kc4 0-1

[Event "ch-ISL 2015"]
[Site "Reykjavik ISL"]
[Date "2015.05.19"]
[Round "6.6"]
[White "Arnason, Jon L"]
[Black "Steingrimsson, Hedinn"]
[Result "0-1"]
[WhiteTitle "GM"]
[BlackTitle "GM"]
[WhiteElo "2499"]
[BlackElo "2532"]
[WhiteFideId "2300036"]
[BlackFideId "2300117"]
[EventDate "2015.05.14"]

1. e4 e5 2. Nf3 Nc6 3. Bb5 a6 4. Ba4 Nf6 5. O-O b5 6. Bb3 Be7 7. d3 d6 8. a4 Bd7
9. c3 O-O 10. h3 Na5 11. Bc2 c5 12. Nbd2 Re8 13. Re1 Bf8 14. Nf1 h6 15. Ng3 g6
16. d4 Bg7 17. b3 exd4 18. cxd4 cxd4 19. axb5 d3 20. Bxd3 axb5 21. Bb2 Qb6 22.
Bd4 Qb7 23. Qc2 Nc6 24. Bc3 Rxa1 25. Rxa1 Ne5 26. Nxe5 dxe5 27. Ra5 h5 28. h4
Ng4 29. Qe2 Bf6 30. Bxb5 Bxh4 31. Nh1 Bd8 32. Bxd7 Qxd7 33. Rd5 Qe6 34. Qd1 Bb6
35. Rd6 Qc8 36. Rxb6 Qxc3 37. Rd6 Kg7 38. Rd3 Qc5 39. Rd2 Ra8 40. Ng3 Ra3 41.
Nf1 Nf6 42. Re2 Qb6 43. Nd2 Qd4 44. Qc2 Ra1+ 45. Nf1 h4 46. Re3 Nh5 47. Qd3 Nf4
48. Qb5 Rb1 49. Kh2 Qa1 50. Kg1 Rd1 51. Rf3 Qd4 52. Re3 Qa1 53. Rf3 Rxf1+ 0-1

[Event "ch-ISL 2015"]
[Site "Reykjavik ISL"]
[Date "2015.05.20"]
[Round "7.1"]
[White "Steingrimsson, Hedinn"]
[Black "Kjartansson, Gudmundur"]
[Result "1-0"]
[WhiteTitle "GM"]
[BlackTitle "IM"]
[WhiteElo "2532"]
[BlackElo "2474"]
[WhiteFideId "2300117"]
[BlackFideId "2301318"]
[EventDate "2015.05.14"]

1. d4 d6 2. Nf3 f5 3. g3 Nf6 4. Bg2 g6 5. c4 Bg7 6. O-O O-O 7. Nc3 Qe8 8. b3 e5
9. dxe5 dxe5 10. e4 Nc6 11. Nd5 Qd7 12. Ba3 Re8 13. exf5 e4 14. Ng5 Qxf5 15. h4
Nxd5 16. cxd5 Nd4 17. Re1 Nb5 18. Bb4 e3 19. Rxe3 Rxe3 20. fxe3 a5 21. Be1 h6
22. Ne4 Bxa1 23. Qxa1 Nd6 24. Nf6+ Kf7 25. Bc3 Qd3 26. Qe1 Ne8 27. Ne4 Bf5 28.
Nf2 Qb1 29. e4 Qxe1+ 30. Bxe1 Bc8 31. Nd3 a4 32. b4 Ke7 33. Ne5 Ra6 34. a3 Rf6
35. Bd2 h5 36. Bg5 Nd6 37. Nd3 Nf7 38. e5 Nxg5 39. exf6+ Kxf6 40. hxg5+ Kxg5 41.
Nc5 1-0

[Event "ch-ISL 2015"]
[Site "Reykjavik ISL"]
[Date "2015.05.20"]
[Round "7.2"]
[White "Jensson, Einar Hjalti"]
[Black "Arnason, Jon L"]
[Result "1/2-1/2"]
[WhiteTitle "FM"]
[BlackTitle "GM"]
[WhiteElo "2359"]
[BlackElo "2499"]
[WhiteFideId "2301067"]
[BlackFideId "2300036"]
[EventDate "2015.05.14"]

1. e4 c5 2. Nf3 d6 3. Bb5+ Bd7 4. Bxd7+ Nxd7 5. O-O Ngf6 6. Qe2 e6 7. b3 Be7 8.
Bb2 O-O 9. c4 Qb6 10. d4 cxd4 11. Bxd4 Qc6 12. e5 dxe5 13. Nxe5 Nxe5 14. Bxe5
Rfd8 15. Nc3 Nd7 16. Bd4 Nf6 17. Be5 Nd7 18. Bd4 Nf6 19. Be5 1/2-1/2

[Event "ch-ISL 2015"]
[Site "Reykjavik ISL"]
[Date "2015.05.20"]
[Round "7.3"]
[White "Hjartarson, Johann"]
[Black "Sigfusson, Sigurdur"]
[Result "0-1"]
[WhiteTitle "GM"]
[BlackTitle "FM"]
[WhiteElo "2566"]
[BlackElo "2319"]
[WhiteFideId "2300044"]
[BlackFideId "2300168"]
[EventDate "2015.05.14"]

1. c4 Nf6 2. Nc3 g6 3. e4 d6 4. d4 Bg7 5. Nf3 O-O 6. Be2 e5 7. O-O Nc6 8. d5 Ne7
9. Qc2 Nh5 10. g3 f5 11. Ng5 Nf6 12. Rd1 fxe4 13. c5 Nf5 14. Ncxe4 Nd4 15. Qc4
Nxe4 16. Nxe4 b5 17. cxb6 axb6 18. Rxd4 exd4 19. Qc2 Bb7 20. Ng5 Bxd5 21. Bg4
Qe7 22. Bd2 Rae8 0-1

[Event "ch-ISL 2015"]
[Site "Reykjavik ISL"]
[Date "2015.05.20"]
[Round "7.4"]
[White "Ptacnikova, Lenka"]
[Black "Danielsen, Henrik"]
[Result "1-0"]
[WhiteTitle "WGM"]
[BlackTitle "GM"]
[WhiteElo "2284"]
[BlackElo "2520"]
[WhiteFideId "305650"]
[BlackFideId "1400185"]
[EventDate "2015.05.14"]

1. e4 d6 2. d4 Nf6 3. Nc3 e5 4. Nf3 Nbd7 5. Bc4 Be7 6. O-O O-O 7. Re1 a6 8. a4
b6 9. b3 Bb7 10. Bb2 c6 11. d5 Nc5 12. dxc6 Bxc6 13. Bd5 Bxd5 14. exd5 Re8 15.
Nd2 Bf8 16. Nc4 Qc7 17. Qf3 Rab8 18. Ne3 Ncd7 19. g4 g6 20. h4 Bg7 21. Kg2 e4
22. Qf4 Ne5 23. Ne2 h5 24. g5 Nfd7 25. Reb1 Nc5 26. Bd4 b5 27. axb5 axb5 28. Ra2
Ned7 29. Bxg7 Kxg7 30. Rba1 Qb6 31. Nd4 Rbc8 32. Ra5 Kg8 33. Nxb5 Ne5 34. Nc4
Nxc4 35. bxc4 Nb7 36. Ra6 Qc5 37. Nxd6 Nxd6 38. Rxd6 Qxc4 39. Ra7 Rf8 40. Rdd7
e3 41. Qxc4 Rxc4 42. fxe3 Rxh4 43. Kf3 Rg4 44. Re7 Rxg5 45. e4 h4 46. d6 h3 47.
Ra1 Rc5 48. d7 Rxc2 49. Re8 Rd2 50. Raa8 1-0

[Event "ch-ISL 2015"]
[Site "Reykjavik ISL"]
[Date "2015.05.20"]
[Round "7.5"]
[White "Gretarsson, Hjorvar Steinn"]
[Black "Stefansson, Hannes"]
[Result "1-0"]
[WhiteTitle "GM"]
[BlackTitle "GM"]
[WhiteElo "2561"]
[BlackElo "2590"]
[WhiteFideId "2302241"]
[BlackFideId "2300087"]
[EventDate "2015.05.14"]

1. d4 d5 2. c4 c6 3. Nf3 Nf6 4. Nc3 e6 5. Bg5 h6 6. Bxf6 Qxf6 7. Qb3 Qe7 8. e4
dxe4 9. Nxe4 Qb4+ 10. Nc3 Qxb3 11. axb3 Be7 12. g3 O-O 13. Bg2 Rd8 14. O-O-O Nd7
15. Rhe1 Kf8 16. Kb1 Rb8 17. Ne5 Nxe5 18. dxe5 Bd7 19. Ne4 Bb4 20. Rf1 Ke7 21.
f4 Be8 22. Kc2 f6 23. exf6+ gxf6 24. Nf2 Bc5 25. Nd3 Bd4 26. Rfe1 Bh5 27. Rd2
Kf7 28. Bh3 f5 29. Bg2 Ke7 30. b4 Kf6 31. c5 a6 32. Ne5 Bxe5 33. fxe5+ Ke7 34.
Rd6 Rxd6 35. cxd6+ Kd7 36. Rf1 Rg8 37. Rf4 Rg4 38. Rxg4 Bxg4 39. Bf1 Bf3 40. Kc3
Bd5 41. Kd4 b6 42. Be2 Bg2 43. Ke3 Bd5 44. Kf4 1-0

[Event "ch-ISL 2015"]
[Site "Reykjavik ISL"]
[Date "2015.05.20"]
[Round "7.6"]
[White "Thorfinnsson, Bragi"]
[Black "Thorfinnsson, Bjorn"]
[Result "1/2-1/2"]
[WhiteTitle "IM"]
[BlackTitle "IM"]
[WhiteElo "2416"]
[BlackElo "2407"]
[WhiteFideId "2300958"]
[BlackFideId "2300982"]
[EventDate "2015.05.14"]

1. e4 e5 2. Nf3 Nc6 3. Bb5 a6 4. Ba4 Nf6 5. O-O Be7 6. Re1 b5 7. Bb3 O-O 8. c3
d6 9. h3 Nb8 10. d4 Nbd7 11. Nbd2 Bb7 12. Bc2 c5 13. Nf1 cxd4 14. cxd4 exd4 15.
Nxd4 Re8 16. Nf5 Bf8 17. Nxd6 Bxd6 18. Qxd6 Rc8 19. Bb3 Nxe4 20. Qf4 Nef6 21.
Rxe8+ Qxe8 22. Be3 Nd5 23. Bxd5 Bxd5 24. Bd4 Qe4 25. Qxe4 Bxe4 26. f3 Bd5 27.
Ne3 Be6 28. b3 f6 29. Rd1 Kf7 30. Kf2 g5 31. g4 1/2-1/2